<?xml version="1.0" encoding="UTF-8"?>
<record
    xmlns:xsi="http://www.w3.org/2001/XMLSchema-instance"
    xsi:schemaLocation="http://www.loc.gov/MARC21/slim http://www.loc.gov/standards/marcxml/schema/MARC21slim.xsd"
    xmlns="http://www.loc.gov/MARC21/slim">

  <leader>03033nam a2200337 i 4500</leader>
  <controlfield tag="001">000032827</controlfield>
  <controlfield tag="003">DO-SdBNP</controlfield>
  <controlfield tag="005">20240308073621.0</controlfield>
  <controlfield tag="007">ta</controlfield>
  <controlfield tag="008">110726t1952    sp c          001 ebspa d</controlfield>
  <datafield tag="040" ind1=" " ind2=" ">
    <subfield code="a">DO-SdBNP</subfield>
    <subfield code="b">spa</subfield>
    <subfield code="c">BNPHU</subfield>
    <subfield code="e">rda</subfield>
  </datafield>
  <datafield tag="049" ind1=" " ind2=" ">
    <subfield code="a">BNPD</subfield>
  </datafield>
  <datafield tag="082" ind1=" " ind2="4">
    <subfield code="a">923.77295</subfield>
    <subfield code="b">H831h</subfield>
    <subfield code="2">22</subfield>
  </datafield>
  <datafield tag="245" ind1="0" ind2="0">
    <subfield code="a">Hostos hispanoamericanista :</subfield>
    <subfield code="b">colecci&#xF3;n de ensayos acerca de Eugenio Mar&#xED;a de Hostos /</subfield>
    <subfield code="c">recogidos y publicados por Eugenio Carlos de Hostos ; introducci&#xF3;n por Tulio M. Cestero.</subfield>
  </datafield>
  <datafield tag="264" ind1=" " ind2=" ">
    <subfield code="a">Madrid :</subfield>
    <subfield code="b">Imprenta, Litograf&#xED;a y Encuadernaci&#xF3;n,</subfield>
    <subfield code="c">1952.</subfield>
  </datafield>
  <datafield tag="300" ind1=" " ind2=" ">
    <subfield code="a">431 p&#xE1;ginas :</subfield>
    <subfield code="b">retratos ;</subfield>
    <subfield code="c">24 cm.</subfield>
  </datafield>
  <datafield tag="336" ind1=" " ind2=" ">
    <subfield code="2">rdacontent</subfield>
    <subfield code="a">texto</subfield>
    <subfield code="b">txt</subfield>
  </datafield>
  <datafield tag="337" ind1=" " ind2=" ">
    <subfield code="2">rdamedia</subfield>
    <subfield code="a">sin mediaci&#xF3;n</subfield>
    <subfield code="b">n</subfield>
  </datafield>
  <datafield tag="338" ind1=" " ind2=" ">
    <subfield code="2">rdacarrier</subfield>
    <subfield code="a">volumen</subfield>
    <subfield code="b">nc</subfield>
  </datafield>
  <datafield tag="500" ind1=" " ind2=" ">
    <subfield code="a">Incluye cronolog&#xED;a de Hostos.</subfield>
  </datafield>
  <datafield tag="504" ind1=" " ind2=" ">
    <subfield code="a">Incluye bibliograf&#xED;a y notas al pie de p&#xE1;ginas.</subfield>
  </datafield>
  <datafield tag="504" ind1=" " ind2=" ">
    <subfield code="a">Bibliograf&#xED;a hostosiana : p. 387-425.</subfield>
  </datafield>
  <datafield tag="505" ind1="0" ind2=" ">
    <subfield code="a">Introducci&#xF3;n /</subfield>
    <subfield code="r">Tulio M. Cestero --</subfield>
    <subfield code="g">El Hombre :</subfield>
    <subfield code="t">Eugenio Mar&#xED;a de Hostos /</subfield>
    <subfield code="r">Concha Espina --</subfield>
    <subfield code="t">Hostos, patriota ejemplar /</subfield>
    <subfield code="r">Margot Arce de V&#xE1;zquez --</subfield>
    <subfield code="t">Hostos en la Uni&#xF3;n Panamericana /</subfield>
    <subfield code="r">Leo S. Rowe --</subfield>
    <subfield code="t">Hostos en el Capitolio de Puerto Rico /</subfield>
    <subfield code="r">Emilio del Toro Cuevas --</subfield>
    <subfield code="t">Eugenio Mar&#xED;a de Hostos /</subfield>
    <subfield code="r">Francisco Henr&#xED;quez y Carvajal --</subfield>
    <subfield code="t">Actividad e influencia de Hostos en Santo Domingo /</subfield>
    <subfield code="r">Max Henr&#xED;quez Ure&#xF1;a --</subfield>
    <subfield code="t">El padre Billini y Eugenio Mar&#xED;a de Hostos /</subfield>
    <subfield code="r">Emilio Rodr&#xED;guez Demorizi --</subfield>
    <subfield code="t">La peregrinaci&#xF3;n heroica de Eugenio Mar&#xED;a de Hostos /</subfield>
    <subfield code="r">Pedro de Alba --</subfield>
    <subfield code="t">Ribeld&#xED;a y disciplina en Hostos. Vida y obra /</subfield>
    <subfield code="r">Andr&#xE9;s Iduarte --</subfield>
    <subfield code="t">El pr&#xF3;cer que se qued&#xF3; sin patria /</subfield>
    <subfield code="r">Justo Pastor Ben&#xED;tez--</subfield>
    <subfield code="t">Hostos: Semblanza de una vida /</subfield>
    <subfield code="r">Luis Galdames --</subfield>
    <subfield code="t">Mujeres en la vida de Hostos /</subfield>
    <subfield code="r">Juan Bosch --</subfield>
    <subfield code="g">Sus Ideas :</subfield>
    <subfield code="t">Las doctrinas pol&#xED;ticas de Eugenio Mar&#xED;a de Hostos /</subfield>
    <subfield code="r">Francisco El&#xED;as de Tejada --</subfield>
    <subfield code="t">Sociopat&#xED;a americana. Comentarios a Hostos /</subfield>
    <subfield code="r">Rafael Estenger --</subfield>
    <subfield code="t">El derecho constitucional en Eugenio Mar&#xED;a de Hostos /</subfield>
    <subfield code="r">J. M. Velasco Ibarra--</subfield>
    <subfield code="t">Un ilustre antillano Pr&#xF3;cer de Chile /</subfield>
    <subfield code="r">V&#xED;ctor Domingo Silva --</subfield>
    <subfield code="t">Actualidad de Eugenio Mar&#xED;a de Hostos /</subfield>
    <subfield code="r">Max Daireaux --</subfield>
    <subfield code="t">Eugenio Mar&#xED;a de Hostos y Bonilla /</subfield>
    <subfield code="r">William Rex Crawford --</subfield>
    <subfield code="t">El sentido americanista en Hostos /</subfield>
    <subfield code="r">Richart Pattee --</subfield>
    <subfield code="t">Hostos y sentido solidario de Latino Am&#xE9;rica /</subfield>
    <subfield code="r">Fern&#xE1;n F&#xE9;lix de Amador --</subfield>
    <subfield code="t">El americanismo de Hostos /</subfield>
    <subfield code="r">Adolfo de Hostos --</subfield>
    <subfield code="g">Ap&#xE9;ndice :</subfield>
    <subfield code="t">Esquema biogr&#xE1;fico de Eugenio Mar&#xED;a de Hostos --</subfield>
    <subfield code="t">Revistas y peri&#xF3;dicos que Hostos fund&#xF3;, dirigi&#xF3; o redact&#xF3; o en los cuales colabor&#xF3; --</subfield>
    <subfield code="t">Obras de Eugenio Mar&#xED;a de Hostos --</subfield>
    <subfield code="t">Bibliograf&#xED;a hostosiana --</subfield>
    <subfield code="t">Algunos Amigos y corresponsales de Hostos.</subfield>
  </datafield>
  <datafield tag="590" ind1=" " ind2=" ">
    <subfield code="a">Inventariado, 2023/BT</subfield>
  </datafield>
  <datafield tag="600" ind1="1" ind2="4">
    <subfield code="a">Hostos y Bonilla, Eugenio Maria de, </subfield>
    <subfield code="d">1839-1903</subfield>
    <subfield code="x">Cr&#xED;tica e interpretaci&#xF3;n </subfield>
    <subfield code="9">54187</subfield>
  </datafield>
  <datafield tag="650" ind1=" " ind2="4">
    <subfield code="a">Intelectuales</subfield>
    <subfield code="z">Puerto Rico</subfield>
    <subfield code="9">1002</subfield>
  </datafield>
  <datafield tag="700" ind1="1" ind2=" ">
    <subfield code="a">Hostos, Eugenio Carlos de,</subfield>
    <subfield code="d">1879-1959,</subfield>
    <subfield code="e">compilador</subfield>
    <subfield code="9">58628</subfield>
  </datafield>
  <datafield tag="700" ind1="1" ind2=" ">
    <subfield code="a">Cestero, Tulio M.,</subfield>
    <subfield code="q">(Tulio Manuel),</subfield>
    <subfield code="d">1877-1955</subfield>
    <subfield code="e">introducci&#xF3;n</subfield>
    <subfield code="9">1698</subfield>
  </datafield>
  <datafield tag="910" ind1=" " ind2=" ">
    <subfield code="a">Validado. Control de calidad EMS.</subfield>
  </datafield>
  <datafield tag="942" ind1=" " ind2=" ">
    <subfield code="2">ddc</subfield>
    <subfield code="c">LBS1</subfield>
  </datafield>
  <datafield tag="952" ind1=" " ind2=" ">
    <subfield code="0">0</subfield>
    <subfield code="1">0</subfield>
    <subfield code="2">ddc</subfield>
    <subfield code="5">1</subfield>
    <subfield code="7">0</subfield>
    <subfield code="8">PD-RV</subfield>
    <subfield code="a">BNPHU</subfield>
    <subfield code="b">BNPHU</subfield>
    <subfield code="c">HD</subfield>
    <subfield code="d">2011-07-26</subfield>
    <subfield code="e">Donaci&#xF3;n</subfield>
    <subfield code="o">BNPHU PD-RV 923.77295 H831h</subfield>
    <subfield code="p">32827-10</subfield>
    <subfield code="r">2020-06-25</subfield>
    <subfield code="w">2020-06-25</subfield>
    <subfield code="y">LBS1</subfield>
    <subfield code="z">Perteneci&#xF3; a la biblioteca personal de Julio Ortega Frier.</subfield>
  </datafield>
  <datafield tag="952" ind1=" " ind2=" ">
    <subfield code="0">0</subfield>
    <subfield code="1">0</subfield>
    <subfield code="2">ddc</subfield>
    <subfield code="5">1</subfield>
    <subfield code="7">0</subfield>
    <subfield code="8">PD-RV</subfield>
    <subfield code="a">BNPHU</subfield>
    <subfield code="b">BNPHU</subfield>
    <subfield code="c">HD</subfield>
    <subfield code="d">2011-07-26</subfield>
    <subfield code="e">Donaci&#xF3;n</subfield>
    <subfield code="o">BNPHU PD-RV 923.77295 H831h</subfield>
    <subfield code="p">32827-20</subfield>
    <subfield code="r">2020-06-25</subfield>
    <subfield code="t">e. 2</subfield>
    <subfield code="w">2020-06-25</subfield>
    <subfield code="y">LBS1</subfield>
    <subfield code="z">Perteneci&#xF3; a la biblioteca personal de Federico Henr&#xED;quez y Carvajal.</subfield>
  </datafield>
  <datafield tag="999" ind1=" " ind2=" ">
    <subfield code="c">32318</subfield>
    <subfield code="d">32318</subfield>
  </datafield>
</record>
